3rd International Conference on Decision Making for Small and Medium-Sized Enterprises (DEMSME 2021) Conference Proceedings
Salvato in:
| Ente Autore: | |
|---|---|
| Altri autori: | , , |
| Natura: | Libro |
| Lingua: | inglese |
| Pubblicazione: |
Karviná
Silesian University in Opava. School of Business Administration in Karviná
2021
|
| Edizione: | 1st Edition |
| Soggetti: | |
| Tags: |
Nessun Tag, puoi essere il primo ad aggiungerne!!
|
MARC
| LEADER | 00000nlm a2200000 4500 | ||
|---|---|---|---|
| 001 | 0276394 | ||
| 005 | 20240822101716.7 | ||
| 020 | |a 978-80-7510-456-4 | ||
| 041 | 0 | |a eng | |
| 044 | |a CZ | ||
| 245 | 1 | 0 | |a 3rd International Conference on Decision Making for Small and Medium-Sized Enterprises (DEMSME 2021) |b Conference Proceedings |c Editors: Jarmila Šebestová, Roman Šperka, Petr Suchánek ... [et al.] |
| 250 | |a 1st Edition | ||
| 264 | 1 | |a Karviná |b Silesian University in Opava. School of Business Administration in Karviná |c 2021 | |
| 300 | |a 710 s. | ||
| 610 | 2 | 0 | |a rozhodovanie |
| 610 | 2 | 0 | |a podnik malý |
| 610 | 2 | 0 | |a podnik stredný |
| 610 | 2 | 0 | |a modely |
| 610 | 2 | 0 | |a koronavírus |
| 700 | 1 | |a Šebestová, Jarmila | |
| 700 | 1 | |a Šperka, Roman | |
| 700 | 1 | |a Suchánek, Petr | |
| 110 | 2 | |a International Conference on Decision Making for Small and Medium-Sized Enterprises 2021. DEMSME 2021 | |